Normas para creación de escuelas y la formación de profesionales de enfermería en la República Dominicana. (Record no. 8138)
[ view plain ]
| 000 -LEADER | |
|---|---|
| campo de control de longitud fija | 00505nam a2200145Ia 4500 |
| 001 - NÚMERO DE CONTROL | |
| campo de control | 2705 |
| 008 - DATOS DE LONGITUD FIJA--INFORMACIÓN GENERAL | |
| campo de control de longitud fija | 241024s9999 xx 000 0 und d |
| 082 ## - NÚMERO DE LA CLASIFICACIÓN DECIMAL DEWEY | |
| Número de clasificación | RD/610.7/R426n/17 |
| 100 ## - ENTRADA PRINCIPAL--NOMBRE DE PERSONA | |
| Nombre de persona | República Dominicana. Ministerio de Educación Superior, Ciencia y Tecnología (MESCEyT) |
| 245 #0 - MENCIÓN DEL TÍTULO | |
| Título | Normas para creación de escuelas y la formación de profesionales de enfermería en la República Dominicana. |
| 260 ## - PUBLICACIÓN, DISTRIBUCIÓN, ETC. | |
| Nombre del editor, distribuidor, etc. | Santo Domingo |
| Fecha de publicación, distribución, etc. | 2012 |
| 590 ## - NOTA LOCAL (RLIN) | |
| Nota local | si |
| 901 ## - ELEMENTOS DE DATOS A LOCAL LDA (RLIN) | |
| a | 28/12/2012 9:04:14 a.m. |
No items available.